Determination of heavy metals in the water of buriganga river and irrigated soils and rice / (Record no. 15038)

MARC details
000 -LEADER
fixed length control field 01018nam a22002657a 4500
003 - CONTROL NUMBER IDENTIFIER
control field BD-DhSAU
005 - DATE AND TIME OF LATEST TRANSACTION
control field 20210921155723.0
008 - FIXED-LENGTH DATA ELEMENTS--GENERAL INFORMATION
fixed length control field 171109b2018 bg ||||| |||| 001 0 eng d
040 ## - CATALOGING SOURCE
Original cataloging agency BD-DhSAU
082 ## - DEWEY DECIMAL CLASSIFICATION NUMBER
Edition number 22
Classification number 630.2
Item number K112
100 ## - MAIN ENTRY--PERSONAL NAME
Personal name Kabir, Surovi
Relator term Registration # 17-08277
245 ## - TITLE STATEMENT
Title Determination of heavy metals in the water of buriganga river and irrigated soils and rice /
Remainder of title MS thesis
260 ## - PUBLICATION, DISTRIBUTION, ETC. (IMPRINT)
Place of publication, distribution, etc. Sher-e-Bangla Agricultural University :
Name of publisher, distributor, etc. Department of Agricultural Chemistry,
Date of publication, distribution, etc. 2018
300 ## - PHYSICAL DESCRIPTION
Extent ix, 78 pages. :
Other physical details illustrations. ;
Dimensions 30 centimetre .
500 ## - GENERAL NOTE
General note MS thesis of Department of Agricultural Chemistry, Faculty of Agriculture, Sher-e-Bangla Agricultural University, Dhaka, Bangladesh
504 ## - BIBLIOGRAPHY, ETC. NOTE
Bibliography, etc Includes bibliographical reference.
590 ## - Name of Cataloguer
Name of Cataloger roy
650 ## - SUBJECT ADDED ENTRY--TOPICAL TERM
Topical term or geographic name as entry element Heavy Metals
650 ## - SUBJECT ADDED ENTRY--TOPICAL TERM
Topical term or geographic name as entry element Buriganga river
650 ## - SUBJECT ADDED ENTRY--TOPICAL TERM
Topical term or geographic name as entry element Irrigated Soils
700 ## - ADDED ENTRY--PERSONAL NAME
Personal name Khan, Md. Sirajul
Relator term Supervisor
700 ## - ADDED ENTRY--PERSONAL NAME
Personal name Moniruzzaman, Md
Relator term Co-Supervisor
856 ## - ELECTRONIC LOCATION AND ACCESS
Link text No.
942 ## - ADDED ENTRY ELEMENTS (KOHA)
Source of classification or shelving scheme Dewey Decimal Classification
Koha item type MS Level Thesis
Holdings
Withdrawn status Lost status Source of classification or shelving scheme Damaged status Not for loan Collection code Home library Branch Name Shelving location Date acquired Total Checkouts Full call number Barcode Date last seen Price effective from Koha item type
    Dewey Decimal Classification   Not For Loan Reference SAU Library SAU Library Reference 02/02/2021   630.2 K112 41932 02/02/2021 02/02/2021 MS Level Thesis